Riverdale Quiz - Statistics

General Stats
  • This quiz has been taken 221 times
  • The average score is 9 of 12
Answer Stats
Hint Answer % Correct
Who was killed in season 1? Jason Blossom
98%
Whos mother is secretly apart of the Serpents? Betty Cooper
91%
Cheryls colour? Red
91%
Who saved Cheryl from drowning? Archie Andrews
89%
Which family is related to the Blossoms? Cooper
88%
Who was the villian in season 2? Black Hood
87%
Name of band? Josie and the Pussycats
82%
Where was Jasons body found? Sweetwater River
77%
Who made and sold fizzle rocks? Hiram Lodge
71%
His wife? Hermione Lodge
69%
Where was Polly, Betty, and Cheryl sent? Sisters of quiet mercy
55%
What date was Jason killed? July 4th
42%
No matching quizzes found
Score Distribution
Percent of People with Each Score
Percentile by Number Answered
Your Score History
You have not taken this quiz